000
00297nam a2200121Ia 4500
008
191201s2019 xx 000 0 und d
100
_a
CLEMENTS, Alan
245
0
_a
Computer organization and architecture
260
_b
Cangage
_c
2019
300
_a
898
650
_a
B.Tech(CSE)
942
_2
ddc
_c
BK
_0
1
999
_c
7069
_d
7069